[Event "Chennai op 5th"]
[Site "Chennai"]
[Date "2013.01.19"]
[Round "4"]
[White "Vasantha Ruba, Varman"]
[Black "Vijayalakshmi, Subbaraman"]
[Result "1-0"]
[WhiteElo "2045"]
[BlackElo "2393"]
[PlyCount "55"]
[EventDate "2013.01.16"]
[EventType "swiss"]
[EventRounds "11"]
[EventCountry "IND"]
[SourceTitle "CBM 152 Extra"]
[Source "ChessBase"]
[SourceDate "2013.02.25"]
[SourceVersion "1"]
[SourceVersionDate "2013.02.25"]
[SourceQuality "1"]

1. e4 e5 2. Nf3 Nc6 3. Bb5 a6 4. Ba4 Nf6 5. 0-0 Be7 6. Re1 b5 7. Bb3 d6 8. c3 0-0 9. h3 Nb8 10. d4 Nbd7 11. Nbd2 Bb7 12. a4 c5 13. d5 c4 14. Bc2 Nc5 15. axb5 axb5 16. Rxa8 Qxa8 17. Nf1 Nfd7 18. Ng3 g6 19. Nh2 Nb6 20. f4 Qa2 21. f5 Bc8 22. Rf1 f6 23. Ng4 Nba4 24. Qd2 g5 25. h4 gxh4 26. Nh5 Nd7 27. Nh6+ Kh8 28. Qe2 1-0

[Event "Chennai op 5th"]
[Site "Chennai"]
[Date "2013.01.18"]
[Round "2"]
[White "Vasantha Ruba, Varman"]
[Black "Ravichandran, Siddharth"]
[Result "0-1"]
[WhiteElo "2045"]
[BlackElo "2372"]
[PlyCount "120"]
[EventDate "2013.01.16"]
[EventType "swiss"]
[EventRounds "11"]
[EventCountry "IND"]
[SourceTitle "CBM 152 Extra"]
[Source "ChessBase"]
[SourceDate "2013.02.25"]
[SourceVersion "1"]
[SourceVersionDate "2013.02.25"]
[SourceQuality "1"]

1. e4 c5 2. Nf3 d6 3. d4 cxd4 4. Nxd4 Nf6 5. Nc3 a6 6. Bg5 e6 7. f4 Qc7 8. Qf3 b5 9. Bxf6 gxf6 10. e5 Bb7 11. Qh5 Qe7 12. 0-0-0 dxe5 13. fxe5 Nd7 14. Ndxb5 axb5 15. Bxb5 0-0-0 16. Bxd7+ Rxd7 17. Rxd7 Qxd7 18. Rd1 Qc7 19. exf6 Bb4 20. Nb5 Qf4+ 21. Kb1 Qf5 22. Qe2 Kb8 23. a3 Ba6 24. a4 Rc8 25. g4 Qxf6 26. Rf1 Qe7 27. Qe5+ Ka8 28. Qe4+ Bb7 29. Qxh7 f6 30. Qg6 Qc5 31. c3 Qc4 32. Re1 Be7 33. Qh7 Bc5 34. Nc7+ Rxc7 35. Qxc7 Be4+ 36. Rxe4 Qxe4+ 37. Ka2 Qxa4+ 38. Kb1 Qd1+ 39. Ka2 Qd5+ 40. Kb1 e5 41. Qa5+ Kb7 42. Qb5+ Kc7 43. c4 Qe4+ 44. Ka1 Bd4 45. Qb4 Qxg4 46. Qe7+ Qd7 47. Qxf6 Qa4+ 48. Kb1 Qxc4 49. Qe7+ Kb6 50. Qd6+ Qc6 51. Qb8+ Kc5 52. Qf8+ Kb5 53. Qb8+ Kc4 54. Kc2 Qe4+ 55. Kd1 Qb1+ 56. Ke2 Qxb2+ 57. Qxb2 Bxb2 58. Ke3 Kd5 59. h4 Bc1+ 60. Kd3 Bh6 0-1

[Event "Commonwealth-ch"]
[Site "Chennai"]
[Date "2012.11.27"]
[Round "7"]
[White "Vasantha Ruba, Varman"]
[Black "Shyam, Nikil P"]
[Result "1/2-1/2"]
[WhiteElo "2053"]
[BlackElo "2431"]
[PlyCount "58"]
[EventDate "2012.11.23"]
[EventType "swiss"]
[EventRounds "11"]
[EventCountry "IND"]
[SourceTitle "CBM 151 Extra"]
[Source "ChessBase"]
[SourceDate "2012.12.18"]
[SourceVersion "1"]
[SourceVersionDate "2012.12.18"]
[SourceQuality "1"]

1. e4 c5 2. Nf3 d6 3. d4 cxd4 4. Nxd4 Nf6 5. Nc3 a6 6. Bg5 e6 7. f4 Qc7 8. Qf3 b5 9. Bxf6 gxf6 10. e5 Bb7 11. Qh5 dxe5 12. Nxe6 Qb6 13. Nxf8 Qe3+ 14. Qe2 Qxe2+ 15. Bxe2 Bxg2 16. Rg1 Bc6 17. Nxh7 Rxh7 18. Rg8+ Ke7 19. 0-0-0 Nd7 20. Rxa8 Bxa8 21. a4 b4 22. Nd5+ Bxd5 23. Rxd5 Rxh2 24. Bxa6 Nb6 25. Rb5 Rh1+ 26. Kd2 Nc4+ 27. Ke2 Rh2+ 28. Ke1 Ne3 29. fxe5 Nxc2+ 1/2-1/2

[Event "Mumbai Mayors Cup 5th"]
[Site "Mumbai"]
[Date "2012.06.08"]
[Round "2"]
[White "Vasantha Ruba, Varman"]
[Black "Podolchenko, Evgeniy"]
[Result "0-1"]
[WhiteElo "2045"]
[BlackElo "2464"]
[PlyCount "58"]
[EventDate "2012.06.07"]
[EventType "swiss"]
[EventRounds "11"]
[EventCountry "IND"]
[SourceTitle "CBM 148 Extra"]
[Source "ChessBase"]
[SourceDate "2012.06.22"]
[SourceVersion "1"]
[SourceVersionDate "2012.06.22"]
[SourceQuality "1"]

1. e4 d5 2. exd5 Qxd5 3. Nc3 Qa5 4. Nf3 Nf6 5. Bc4 c6 6. d4 Bf5 7. 0-0 e6 8. Bf4 Be7 9. Qd2 Nbd7 10. Rfe1 Qb4 11. Bb3 0-0 12. h3 Rfe8 13. a3 Qb6 14. Na4 Qa6 15. Ne5 Rad8 16. c4 Nxe5 17. Rxe5 b6 18. Rae1 Bd6 19. R5e2 Bxf4 20. Qxf4 Bd3 21. Re5 Bxc4 22. Bd1 Bd3 23. Bb3 Bg6 24. Nc3 Qb7 25. Rd1 Qb8 26. Qf3 Rxd4 27. Rxd4 Qxe5 28. Rd1 Nd5 29. Nxd5 exd5 0-1

[Event "New Delhi Parsvnath op 9th"]
[Site "New Delhi"]
[Date "2011.01.10"]
[Round "4"]
[White "Rahman, Ziaur"]
[Black "Vasantha Ruba, Varman"]
[Result "1-0"]
[WhiteElo "2528"]
[BlackElo "1992"]
[PlyCount "69"]
[EventDate "2011.01.08"]
[EventType "swiss"]
[EventRounds "11"]
[EventCountry "IND"]
[SourceTitle "CBM 140 Extra"]
[Source "ChessBase"]
[SourceDate "2011.03.01"]
[SourceVersion "1"]
[SourceVersionDate "2011.03.01"]
[SourceQuality "1"]

1. d4 Nf6 2. c4 e6 3. g3 d5 4. Nf3 Be7 5. Bg2 0-0 6. 0-0 dxc4 7. Qc2 a6 8. a4 Bd7 9. Qxc4 Bc6 10. Bf4 Nbd7 11. Nc3 Nb6 12. Qb3 Nbd5 13. Bd2 Nxc3 14. bxc3 Be4 15. Rfd1 c5 16. Bg5 Qa5 17. Ne5 cxd4 18. cxd4 Qc7 19. Rac1 Qd6 20. Bxf6 gxf6 21. Nxf7 Rxf7 22. Bxe4 Bd8 23. d5 e5 24. Bf5 Rg7 25. Rc6 Qf8 26. d6+ Kh8 27. Rcc1 Qg8 28. Be6 Qf8 29. d7 Ra7 30. Rc8 Re7 31. Bf5 Kg7 32. Qb4 b6 33. Rxd8 Qxd8 34. Qxe7+ Qxe7 35. d8Q 1-0